Inflationary price trends in India since 1939

Сохранить в:
Библиографические подробности
Главный автор: Singh, Bright D.
Формат:
Язык:Undetermined
Опубликовано: Bombay Asia Publishing House 1957
Предметы:
Метки: Добавить метку
Нет меток, Требуется 1-ая метка записи!
Thư viện lưu trữ: Trung tâm Học liệu Trường Đại học Cần Thơ
LEADER 00534nam a2200193Ia 4500
001 CTU_92782
008 210402s9999 xx 000 0 und d
082 |a 338.52 
082 |b S617 
100 |a Singh, Bright D. 
245 0 |a Inflationary price trends in India since 1939 
245 0 |c D. Bright Singh 
260 |a Bombay 
260 |b Asia Publishing House 
260 |c 1957 
650 |a Prices,Inflation (finance) 
650 |z India,India 
904 |i Nguyên 
980 |a Trung tâm Học liệu Trường Đại học Cần Thơ